Ubat-ubatan tradisional Arab-Melayu : penawar 200 penyakit

Bibliographic Details
Main Author: Azahari Ibrahim
Format: Book
Published: Kuala Lumpur : Darul Nu'man , 2000
Subjects:

MARC

LEADER 00000cam a2200000 7i4500
001 0000013376
005 20080326.0
008 080111
020 |a 9830460673 
090 0 0 |a 615.88   |b AZA 
100 0 |a Azahari Ibrahim 
245 1 0 |a Ubat-ubatan tradisional Arab-Melayu :   |b penawar 200 penyakit   |c Azahari Ibrahim 
260 |a Kuala Lumpur :   |b Darul Nu'man ,   |c 2000 
650 0 |a Folk Medicine 
650 0 |a Malays (Asian people)   |x Medicine 
650 0 |a Medicine   |x religious aspects   |x Islam 
999 |a 0000796998   |b Book   |c Adult Collection   |e Cawangan Segamat 
999 |a 0000799470   |b Book   |c Adult Collection   |e Cawangan Pontian 
999 |a 0000810800   |b Book   |c Adult Collection   |e Cawangan Bandar Penawar 
999 |a 0000817028   |b Book   |c Adult Collection   |e Cawangan Mersing 
999 |a 0001006095   |b Book   |c Adult Collection   |e Cawangan Bandar Tenggara 
999 |a 0001006096   |b Book   |c Adult Collection   |e Cawangan Kota Tinggi 
999 |a 0001006097   |b Book   |c Adult Collection   |e Perbadanan Perpustakaan Awam Johor 
999 |a 0001016413   |b Book   |c Adult Collection   |e Cawangan Kota Tinggi 
999 |a 00016199   |b Book   |c Adult Collection   |e Cawangan Batu Pahat